Science Quiz

Random Science Quiz
Score 0/10 Timer 05:00
0 Plays Today
% Correct
Portal Vein Obstruction
92.1%
Autoimmune Haemolytic Anaemia
92.1%
Liver Cirrhosis
90.5%
Bacterial Septicemia
88.9%
Hodgkins Lymphoma
84.1%
Malaria
81%
Amyloidosis
81%
Typhoid Fever
73%
Rheumatoid Arthritis
63.5%
Drug Reactions
63.5%
Remove Ads.
Support Sporcle.
Get the best of Sporcle when you Go Orange. This ad-free experience offers more features, more stats, and more fun while also helping to support Sporcle. Thank you for becoming a member.

You're not logged in!

Compare scores with friends on all Sporcle quizzes.
OR
Log In

Show Comments

Extras

Created Oct 22, 2013ReportNominate
Tags:disease, infection, Medicine

Top Quizzes Today


Score Distribution

Your Account Isn't Verified!

In order to create a playlist on Sporcle, you need to verify the email address you used during registration. Go to your Sporcle Settings to finish the process.

Report this User

Report this user for behavior that violates our Community Guidelines.

Details: